Statistics for Football Teams Mauricio Pochettino Played For

Click here to take the quiz!

General Stats

  • This quiz has been taken 11 times
  • The average score is 4 of 5

Answer Stats

LeagueYearsTeam% Correct
France2001-2003Paris Saint-Germain
100%
Spain1994-2001RCD Espanyol
78%
Spain2004-2006RCD Espanyol
78%
France2003-2004FC Girondins de Bordeaux
67%
Argentina1988-1994CA Newell's Old Boys
56%

Score Distribution

Percentile by Number Answered

Percent of People with Each Score

Your Score History

You have not taken this quiz